Definicja nazw klubów po angielsku - Statystyki

Ogólne statystyki
  • Ten quiz został rozwiązany 34 razy
  • Średni wynik to 11 z 16
Statystyki odpowiedzi
Hint Odpowiedź % Poprawnych
legion Legia
97%
ark Arka
88%
Vistula river Wisła
81%
miner Górnik
78%
first polish dynasty Piast
78%
I see Widzew
78%
crown Korona
75%
engine Motor
75%
paver producent Bruk-Bet
69%
city name Radomiak/Cracovia
63%
pursuit Pogoń
56%
crayfish Raków
56%
lithuanian monarch Jagiellonia
53%
miners' club GKS
38%
old-polish name Lech/Lechia
38%
basin Zagłębie
31%
Nie znaleziono quizów pasujących do podanych kryteriów
Rozkład punktacji
Procent ludzi z każdym wynikiem
Percentyl według liczby udzielonych odpowiedzi
Twoja historia wyników
Nie rozwiązałeś tego quizu